Länder nach Duschgels #14 - Statistiken

Allgemein
  • Dieses Quiz wurde 21 mal gespielt
  • Das Durchschnittsergebnis liegt bei 6 aus 10
Antwortstatistiken
Bildquiz Antwort % Korrekt
Albanien
89%
Katar
83%
Syrien
78%
Belarus
72%
El Salvador
61%
Eswatini
50%
Mikronesien
50%
St. Lucia
44%
Kamerun
33%
Guinea-Bissau
22%
Keine übereinstimmenden Quizze gefunden
Verteilung der Resultate
Anzahl Personen mit jedem Resultat
Perzentil nach korrekt beantworteten Fragen
Ihre Resultats-Entwicklung
Sie haben dieses Quiz noch nicht gespielt